Természetes nyelvi korpusz vizsgálata egyeztetéscsoport módszerrel

Korábbi munkáimból, [1, 2, 3], kiindulva egy olyan disztribúciós módszert szeretnék bemutatni, amely alkalmas lehet természetes (akár nem természetes) nyelvi szekvenciákat tartalmazó adatbázisokban rejl, az adott nyelvre jellemz bizonyos disztribúciós szabályosságok detektálására, illetve új szekven...

Teljes leírás

Elmentve itt :
Bibliográfiai részletek
Szerző: Drienkó László
Testületi szerző: Magyar Számítógépes Nyelvészeti Konferencia (10.) (2014) (Szeged)
Dokumentumtípus: Könyv része
Megjelent: 2014
Sorozat:Magyar Számítógépes Nyelvészeti Konferencia 10
Kulcsszavak:Nyelvészet - számítógép alkalmazása
Online Access:http://acta.bibl.u-szeged.hu/58892
LEADER 01521naa a2200205 i 4500
001 acta58892
005 20260224081030.0
008 190627s2014 hu o 100 hun d
020 |a 978-963-306-246-3 
040 |a SZTE Egyetemi Kiadványok Repozitórium  |b hun 
041 |a hun 
100 1 |a Drienkó László 
245 1 0 |a Természetes nyelvi korpusz vizsgálata egyeztetéscsoport módszerrel  |h [elektronikus dokumentum] /  |c  Drienkó László 
260 |c 2014 
300 |a 279-285 
490 0 |a Magyar Számítógépes Nyelvészeti Konferencia  |v 10 
520 3 |a Korábbi munkáimból, [1, 2, 3], kiindulva egy olyan disztribúciós módszert szeretnék bemutatni, amely alkalmas lehet természetes (akár nem természetes) nyelvi szekvenciákat tartalmazó adatbázisokban rejl, az adott nyelvre jellemz bizonyos disztribúciós szabályosságok detektálására, illetve új szekvenciáknak ezen szabályosságokon alapuló feldolgozására, a szabályosságokat megtestesít szekvencia csoportokra való “leképzésére”. Az alapvet fogalmak felvázolása, illetve a korábbi eredmények rövid ismertetése után néhány megjegyzés következik a módszer alkalmazhatóságával kapcsolatban, melyek nyomán az egyeztetés-csoportok által képviselt kutatás spektruma szélesedhet. 
695 |a Nyelvészet - számítógép alkalmazása 
710 |a Magyar Számítógépes Nyelvészeti Konferencia (10.) (2014) (Szeged) 
856 4 0 |u http://acta.bibl.u-szeged.hu/58892/1/msznykonf_010_279-285.pdf  |z Dokumentum-elérés